000 00761nam a22002297a 4500
999 _c7201
_d7201
003 AR-CdUCM
008 190320b ||||| |||| 00| 0 spa d
040 _aMUNICIPALIDAD PROVINCIAL DEL CUSCO
_cBIBLIOTECA MUNICIPAL DEL CUSCO
041 _hfr
082 _a308 /
_bD592
100 _aDion, León
_95000
245 _aLos grupos y el poder político en los Estados Unidos /
260 _aMéxico, D.F :
_bEditorial Grijalbo,
_c1967.
300 _a158 páginas ;
_c18 cm.
440 _aColección 70
_n4
_95001
505 _aContenido: Grupos y procesos electorales -- Grupos y centros de decisiones políticas.
650 _aGrupos de presión
_95002
650 _aPoder
_94273
650 _aCiencias sociales
_91096
942 _2ddc
_cLIBROS
945 _adavv